Countries starting with a vowel alphabetically Quiz Stats

 Plays Quiz not verified by Sporcle

Support Sporcle.
Go Orange.
Score 0/34 Timer 06:00
0 Plays Today
Country % Correct
???
100%
???
91%
???
86.6%
???
83.6%
???
82.1%
???
79.1%
???
74.6%
???
74.6%
???
74.6%
???
74.6%
???
74.6%
???
71.6%
???
67.2%
???
65.7%
???
65.7%
???
65.7%
???
65.7%
Country % Correct
???
65.7%
???
65.7%
???
64.2%
???
64.2%
???
62.7%
???
62.7%
???
62.7%
???
61.2%
???
61.2%
???
61.2%
???
61.2%
???
55.2%
???
55.2%
???
55.2%
???
55.2%
???
55.2%
???
55.2%

You're not logged in!

Compare scores with friends on all Sporcle quizzes.
OR
Log In

From the Vault

'America the Beautiful' State Quarters

by sproutcm

There's nothing more exciting than finding a quarter on the ground.
Remove Ads.
Support Sporcle.
Get the best of Sporcle when you Go Orange. This ad-free experience offers more features, more stats, and more fun while also helping to support Sporcle. Thank you for becoming a member.

Show Comments

Extras

Top Quizzes Today


Score Distribution

Your Account Isn't Verified!

In order to create a playlist on Sporcle, you need to verify the email address you used during registration. Go to your Sporcle Settings to finish the process.

Report this User

Report this user for behavior that violates our Community Guidelines.

Details: